00742nam a2200181 a 450000500170000000800410001702000180005805000240007624501440010026000630024430000210030752100070032865000400033565000490037565000280042465000490045270000590050120140311163035.0110125s19uu xx 00 eng d a9789715426473 aPN 1993.5b.P5 2010 aThe Urian anthology, 1990-1999 :barticles, reviews and intervies by the Manunuri ng pelikulang Pilipino on the Filipino Cinema 1990-1999 / aQuezon City :bUniversity of the Philippines Press,c2010. a562 p. :c31 cm. aMC aMotion pictures-Philippines-Review. aMotion picture plays-History and criticisms. aMotion pictures-Awards. aMotiom pictures film collection-Philippines. aIntroduced,compiled and edited by: Nicanor G. Tiongson